000 00489nam a2200181Ia 4500
005 20250508151308.0
008 008 250505s9999 xx 000 0 eng d
037 _aTextual
040 _aFEDL
_beng
_cFEDL
041 _aeng
_2eng
084 _a511.07, HUN
_qFEDL
100 _aHunt A E
_9758804
245 0 _aArithmetic of everyday affairs
260 _aEdinburgh
_bOliver and Boyd
_c1937
300 _a111p.
942 _cTEXL
_h511.07, HUN
999 _c1328899
_d1328899